Inachevés - Casseurs Flowters - Paroles - Statistiques

Statistiques générales
  • Ce quiz a été pris 13 fois
  • Le résultat moyen est 484 sur 690
Statistiques - réponses
Réponse % Correct
à
100%
À
100%
ce
100%
de
100%
Inachevé,
100%
inachevé,
100%
inachevé
100%
inachevé)
100%
je
100%
le
100%
Le
100%
Ma
100%
ma
100%
me
100%
mes
100%
mon
100%
pas
100%
Pas
100%
pas"
100%
pas,
100%
que
100%
au
86%
Aux
86%
aux
86%
ça
86%
"ça
86%
c'est
86%
C'est
86%
couplet
86%
des
86%
En
86%
en
86%
Et
86%
et
86%
j'ai
86%
J'ai
86%
la
86%
La
86%
86%
86%
les
86%
mais
86%
Mais
86%
m'en
86%
meuf
86%
Meuf
86%
86%
ou
86%
Ou
86%
par
86%
potes
86%
potes,
86%
pour
86%
se
86%
tout
86%
Tu
86%
tu
86%
un
86%
Un
86%
Adolescent
71%
après,
71%
assez
71%
avant
71%
bien,
71%
Bien
71%
bien
71%
but
71%
casse
71%
c'était
71%
cette
71%
claquées
71%
comme
71%
Comme
71%
couilles,
71%
couilles
71%
c'que
71%
d'avoir
71%
demain
71%
démarré
71%
dessin
71%
du
71%
elle
71%
fait
71%
fait,
71%
fini
71%
finir
71%
frappe
71%
heure
71%
heures
71%
histoires
71%
hommage
71%
jamais
71%
J'commence
71%
j'commence
71%
j'connais
71%
j'contrôle
71%
j'devais
71%
J'finis
71%
j'finis
71%
j'la
71%
j'laisse
71%
j'laisserai
71%
jobs
71%
joué
71%
jusqu'à
71%
j'vais
71%
laissées
71%
l'destin
71%
l'image
71%
maintenant
71%
Manquerait
71%
match
71%
même
71%
mettre
71%
moi,
71%
moitié
71%
mort
71%
mortes
71%
n'est
71%
nos
71%
nuits
71%
on
71%
paniers
71%
partir
71%
passé
71%
passées,
71%
phrases,
71%
plaqué
71%
plus
71%
points
71%
porte,
71%
portes
71%
Pourquoi
71%
qui
71%
qu'on
71%
Qu'on
71%
rappelés
71%
Rien
71%
rien
71%
rien,
71%
séparer
71%
seul
71%
si
71%
Si
71%
sûr,
71%
sur
71%
ta
71%
"t'es
71%
t'faire
71%
toutes
71%
traits
71%
une
71%
Une
71%
va
71%
vérité
71%
vérités
71%
voir
71%
15
57%
50
57%
absences
57%
améliorée,
57%
ans
57%
après-demain,
57%
ascension
57%
attendant
57%
avec
57%
bas,
57%
battre
57%
besoin
57%
beta
57%
bête
57%
bonne
57%
branlette
57%
bras
57%
cabine
57%
cachée
57%
censé
57%
chance
57%
chez
57%
choix
57%
chose
57%
cœur
57%
commence
57%
complots
57%
confondre
57%
constat
57%
croire
57%
croisés
57%
d'abandon
57%
d'affronter
57%
dans
57%
d'après
57%
d'arrêter,
57%
d'chanson
57%
détente,
57%
d'gâcher
57%
diff'
57%
dire
57%
Dis-
57%
discute
57%
discute?
57%
dis-lui
57%
dit
57%
donc
57%
Donc
57%
doutes,
57%
d'rapper"
57%
d'tout
57%
d'une
57%
entrepris
57%
essayé
57%
études
57%
Évidemment
57%
explose,
57%
fâchée
57%
faiblesses
57%
failles
57%
faire
57%
Faudrait
57%
"ferme
57%
figurines
57%
final
57%
fond
57%
foutre
57%
fuite,
57%
gâchées
57%
galanterie
57%
gueule
57%
inachevée
57%
Incapable
57%
Inutile,
57%
j'abandonne
57%
j'arrête
57%
j'attend
57%
J'attends
57%
j'attends
57%
j'avale
57%
j'baisse
57%
j'dis
57%
j'dois
57%
jeudi
57%
J'fais
57%
j'fais
57%
j'me
57%
j'm'écoute
57%
J'mérite
57%
jouer?
57%
J'partirai
57%
j'passe
57%
j'rapperai
57%
j'reste
57%
"j'sais
57%
j'serais
57%
j'suis
57%
J'te
57%
j'te
57%
J'trouve
57%
J'veux
57%
l'abandon
57%
lâchement
57%
lachés,
57%
l'air
57%
laissant
57%
laisse-moi
57%
laisser
57%
l'envie
57%
l'évite
57%
l'histoire
57%
Long
57%
longueur
57%
lui
57%
Mario
57%
m'attend
57%
mauvais
57%
m'avouer
57%
médaille,
57%
médiocrité
57%
merde
57%
m'est
57%
mesure
57%
meurent
57%
misé
57%
Mode
57%
monde
57%
m'quitte,
57%
n'arrivent
57%
névroses
57%
nuages
57%
nul,
57%
opportunités
57%
osé
57%
Ouais
57%
papiers"
57%
pareil
57%
parle
57%
passer
57%
passer"
57%
passions
57%
patience
57%
pendant
57%
peur
57%
peut
57%
piges
57%
pilule
57%
plein
57%
pluie
57%
pointe,
57%
première
57%
presque
57%
prototype,
57%
p'tits
57%
putain
57%
qu'à
57%
quand
57%
qu'briller
57%
qu'elle
57%
quelques
57%
questions
57%
quitte
57%
qu'j'ai
57%
qu'tout
57%
raconter
57%
raison,
57%
rapper
57%
recherche
57%
rejoindre
57%
réponse
57%
réponses,
57%
reste
57%
rêves
57%
roses
57%
sagement
57%
sans
57%
sauf
57%
secondes
57%
sens
57%
sentir
57%
setlist
57%
seule
57%
soir
57%
son
57%
sont
57%
sous
57%
spirale
57%
s'pose
57%
s'tire
57%
suite
57%
temps
57%
tête
57%
t'façon
57%
tiraillée?
57%
tombeaux
57%
triste
57%
tristement
57%
verra
57%
vers
57%
version
57%
vide,
57%
vie
57%
vit
57%
vite
57%
y
57%
air
43%
Alors
43%
backer
43%
barre
43%
blasé,
43%
cassée
43%
changer
43%
choses,
43%
Complètement
43%
d'acide
43%
d'claquer
43%
d'échec
43%
d'écrire
43%
derniers
43%
déshydraté
43%
dorment
43%
d'rappeler
43%
est-ce
43%
gloire,
43%
inachevées
43%
Inachevés
43%
J'compte
43%
j'fixe
43%
j'lâcherai
43%
j'refuse,
43%
j'ressens
43%
j'simule,
43%
Longtemps
43%
m'bipe
43%
m'entaillant
43%
millièmes
43%
monte
43%
parles
43%
persuadé
43%
playlist
43%
p't-être
43%
quoi?
43%
refuges
43%
relations
43%
revenir
43%
sauver
43%
t'écoutes
43%
tellement
43%
tous
43%
veines
43%
vieillir
43%
vitre
43%
Admettre
29%
choisis
29%
d'jarter,
29%
d'venir
29%
faut
29%
flows
29%
J'finirai
29%
m'attendre
29%
personnes
29%
renonces,
29%
s'y
29%
détaché,
14%
t'as
14%
vide(inachevé,
0%
Aucun quiz correspondant
Distribution des résultats
% des personnes avec chaque résultat
Percentile par nombre de réponses
Votre historique - résultats
Vous n’avez pas pris ce quiz